MDQL
is popping MORE tags! Check the
thread
!
Quizzes
Events
Quiz Creation
Community
Videos
Private Events
Remove Ads
Sign In
Join for FREE
Feedback
Dark Mode
Quiz Categories
Sports
Geography
Music
Movies
Television
Just For Fun
Miscellaneous
History
Literature
Language
Science
Gaming
Entertainment
Religion
Holiday
For Kids
Quiz Lab
Recent
Popular Today
Quiz Kudos Today
Editor Picks
Curator Picks
Quizzes by...
Day
Popularity
Type
Ratings
Length
Year
Community
Subscriptions
Recent Discussions
Orange Saloon
Badges
Playlists
Quests
Create
Leaderboards
Showdown
Live 5
Trivia Bingo
Activity
Puzzle Library
Sporcle Events
Private Events
Virtual Trivia
Globe League
Become a Host
Pub Owners
SporcleCon
Opinionation
Our Games
Videos
Blog
Mobile Apps
Partnerships
Remove Ads and Go Orange
Feedback
Music
Pop Music
The Beatles
Song
Album
Lyrics
Bands
Singers
Artist
Clip
Rock
Rap
Classical
Billboard
Country Music
Kpop
Taylor Swift
Music
Pop Music
The Beatles
Song
Album
Lyrics
Bands
Singers
Artist
Clip
Rock
Rap
Classical
Billboard
Country Music
Kpop
Taylor Swift
Random Quiz
Search Sporcle
×
Curator Pick
Curator Pick
Music
Lyrics
Select answers by clicking on text or image buttons
Select answers by clicking on text or image buttons
Clickable
Best Score? Go Orange.
Milord-Edith Piaf Paroles Stats
Pouvez-vous remplir le mot manquant à Edith Piaf 'Milord?'
By
MissAllonsy
10m
53 Questions
169 Plays
169 Plays
169 Plays
Comments
Comments
Give Quiz Kudos
Give Quiz Kudos
-
- Ratings
hide this ad
Forced Order
Answers have to be entered in order
Answers have to be entered in order
Replay
Link that replays current quiz
Next Quiz
Link to next quiz in quiz playlist
You Got
0%
They Got
Avg Score
79%
Avg Friend Score
Upgrade to see
Score Distribution
Jump to the score distribution portion of the page
Score
0/53
Timer
10:00
0
Plays Today
% Correct
Allez
95.9%
table
92.9%
confortable
92.9%
froid
91.1%
jamais
91.1%
suis
90.5%
chaise
89.3%
demoiselle
88.8%
Laissez
87.6%
prenez
87.6%
connais
87%
épaules
87%
cœur
86.4%
aurait
86.4%
était
86.4%
dans
85.8%
foulard
85.2%
fier
84%
beau
84%
passiez
83.4%
tendres
82.2%
Regardez
82.2%
vainqueur
81.7%
petit
81.7%
romance
81.1%
ciel
80.5%
moi
80.5%
% Correct
Milord
80.5%
l'aurais
79.9%
ça
79.3%
donne
79.3%
ombre
78.7%
comprendre
78.7%
môme
78.1%
n'ont
78.1%
brisait
77.5%
soigne
76.9%
milords
76.9%
chantez
76.9%
suffit
76.3%
pleurez
76.3%
Bravo
76.3%
royaume
75.7%
emmenait
75.1%
Pourtant
72.2%
riez
72.2%
navire
69.2%
l'existence
69.2%
tout
68.6%
reprendre
64.5%
Voilà
61.5%
Mais
59.2%
voyons
43.2%
Quiz Playlist
Details
Report
Send in Message
Add To Playlist
Clickable:
Select answers by clicking on text or image buttons
Forced Order:
Answers have to be entered in order
Last Updated: Mar 2, 2017
Curator Pick in
Lyrics
Quiz Scoreboard
CHALLENGE
Sign Up to Join the Scoreboard
Show All
Scores
Hide
Comments
May contain spoilers
Recently Published
1-10 Letter E Words III
by El_Dandy
Language
2m
Street Fighter Characters
by Artimus82
Gaming
60s
College Basketball Coaching Resumes
by pancakes188
Sports
9m
More to Explore
Quiz From the Vault
Featured Blog Post
Where Did the Easter Bunny Come From?
hide this ad
You Might Also Like...
Tags
Clickable Quiz
French Quiz
Lyrics Quiz
Song Quiz
mot
parole
Today's Top Quizzes in Music
Browse Music
hide this ad
Today's Top Quizzes in Lyrics
Browse Lyrics
Top Contributed Quizzes in Music
1
Taylor Swift All Songs (2024)
2
Taylor Swift Logic Puzzle
3
Guess the Artist- 70s Songs
4
7-to-1: Billboard Hot 100 #1 Hits of 2010s
5
Sorting Albums and Songs
6
KPOP LOGIC QUIZ
7
Billboard Blitz: Aretha Franklin
8
Guess the Taylor Swift song (Mystery Song)
9
Guess The Taylor Swift Lyrics Song #1
10
Billboard Blitz: ABBA
Explore More
Trending Topics
Anime
Disney
NBA
Marvel
Crossword
Harry Potter
Kpop
Puzzle
WWE
Soccer
Country
Pokémon
Song
The Office
NFL
hide this ad
More By:
MissAllonsy
Quiz
Plays
Rating
Category
Featured
Created
Milord-Edith Piaf Paroles
169
5.00
Music
Jun 7, 2016
Composers of Disney's Fantasia
88
5.00
Music
May 28, 2016
Composers by Song
31
Music
Jul 22, 2016
Go to Creator's Profile
Score Distribution
Quiz Creator Spotlight
MissAllonsy
Follow
Send a Message
Quizzes Created
-
Created Quiz Play Count
-
More By This Creator
Popular Quizzes Today
1
Find the US States - No Outlines Minefield
2
Find the Countries of Europe - No Outlines Minefield
3
The Countries of the World
4
Find the US States
5
Risky Map Clicking: Biggest States A-Z
6
US States
7
Popular People in 1961
8
Movies - When Are They Set?
More Music Quizzes
'Go Your Own Way' Lyrics
Published
Trending Quizzes
Risky Map Clicking: Least Populous States A-Z
USA Borders Longest to Shortest
1-10 Letter G Words
1-10 Letter F Words
Countries of the World: 200 Million BC
Recently Updated
Leaping Animals
pecheneg
Reality TV Shows (A-Z)
bhenderson79
Rickey Henderson's Hall of Fame Teammates
pecheneg
Champions League XIs: Arsenal
pecheneg
Quick Pick: Celebrities in WWE's Hall of Fame
aduchscher
A-Z Keypad Blitz II
pecheneg
Multiple Oscar Actors
pecheneg
Mystery Phrase Blitz: Oscar 'Best Actors'
pecheneg
F. Scott Fitzgerald Novels
LTH
Pick 3 Villains
ddd62291
Trending Topics
Marvel
Kpop
NBA
Crossword
Disney
Harry Potter
Anime
NFL
Puzzle
The Office
Country
Soccer
WWE
Song
Pokémon
Your Account Isn't Verified!
In order to create a playlist on Sporcle, you need to verify the email address you used during registration. Go to your
Sporcle Settings
to finish the process.
Report this User
Report this user for behavior that violates our
Community Guidelines
.
Details:
Send Report
Go to the Sporcle.com Mobile Site →
Comments